| 000 | 00000nam 2200000za 4500 |
| 001 | 9.816900 |
| 003 | CaOODSP |
| 005 | 20221107142343 |
| 007 | cr ||||||||||| |
| 008 | 160504s2013||||onc ||||o f000 0 eng d |
| 040 | |aCaOODSP|beng |
| 043 | |an-cn---|an-us--- |
| 086 | 1 |aED5-5/2013E-PDF |
| 245 | 00|aExporting to the United States |h[electronic resource]. |
| 260 | |a[Ottawa] : |bEDC, |cc2013. |
| 300 | |a7 p. |
| 500 | |a"White paper." |
| 500 | |aIssued also in French under title: Exporter aux États-Unis. |
| 520 | 0 |a"The United States, with a population of 312 million people and a 20 per cent share of the global economy, is the richest market on earth. It is also Canada’s largest trading partner, with hundreds of Canadian companies doing a huge volume of business with U.S. customers. This white paper examines why the U.S. market is so attractive, and how you can search for lucrative export opportunities there." |
| 692 | 07|2gccst|aExports |
| 692 | 07|2gccst|aInternational trade |
| 710 | 2 |aExport Development Canada. |
| 775 | 08|tExporter aux États-Unis |w(CaOODSP)9.817209 |
| 856 | 40|qPDF|s84 KB|uhttps://publications.gc.ca/collections/collection_2016/edc/ED5-5-2013-eng.pdf |
| 986 | |aWP-EUS-1113 |